Čistá podlaha môže byť parameter kvality

Pohľad na priemyselné čistenie a upratovanie. Alternatívne riešenia čistenia v podobe robotických zariadení. Poskytovanie efektívnejších služieb vďaka technologickým inováciám (senzory, GPS, vSLAM). Výhody robotického čistiaceho prostriedku.

Na minha lista:
Detalhes bibliográficos
Autor principal: Janková, Nikoleta
Formato: Capítulo de Livro
Idioma:eslovaco
Assuntos:
Tags: Adicionar Tag
Sem tags, seja o primeiro a adicionar uma tag!

MARC

LEADER 00000naa a2200000 4500
001 0257691
005 20221104112308.5
041 0 |a slo 
044 |a SK 
245 1 0 |a Čistá podlaha môže byť parameter kvality  |c Nikoleta Janková 
520 |a Pohľad na priemyselné čistenie a upratovanie. Alternatívne riešenia čistenia v podobe robotických zariadení. Poskytovanie efektívnejších služieb vďaka technologickým inováciám (senzory, GPS, vSLAM). Výhody robotického čistiaceho prostriedku. 
610 2 0 |a technológie informačné 
610 2 0 |a technológie komunikačné 
610 2 0 |a technológie nové 
610 2 0 |a automatizácia 
610 2 0 |a robotizácia 
610 2 0 |a hygiena 
610 2 0 |a služby 
100 1 |a Janková, Nikoleta